Os 15 principais países com mortes por Covid19 - 27 fev 2021 - Statistics

Estatísticas Gerais
  • Esse quiz foi jogado 10 vezes
  • A pontuação média é 17 de 24
Estatísticas das Respostas
país % Correto
Alemanha
100%
Argentina
100%
Brasil
100%
Espanha
100%
Estados Unidos
100%
França
100%
Índia
100%
Itália
100%
México
100%
Reino Unido
100%
Rússia
100%
Bélgica
88%
Colômbia
88%
Irão
75%
Peru
75%
Portugal
75%
África do Sul
50%
Chéquia
50%
Bulgária
25%
Eslovénia
25%
Bósnia e Herzegovina
13%
Croácia
13%
Hungria
13%
Macedónia do Norte
13%
Nenhum quiz correspondente encontrado
Distribuição das Pontuações
Porcentagem de Pessoas com Cada Pontuação
Percentil de Números Respondidos
Sua Pontuação Histórica
Você não jogou esse quiz